Simplify the Verbosity! - Statistics

General Stats
  • This quiz has been taken 13 times
  • The average score is 8 of 10
Answer Stats
Verbose Phrase Common Term % Correct
Describe the current state of yourself at this point How are you
100%
A cordial sunrise be given to you on this morning Good morning
92%
Salutations my fellow mortal Hello
92%
My stomach is gnawing with emptiness due to the lack of satiation I'm hungry
92%
May I ask for your vocals be suspended Be quiet
85%
Are you in the need of some assistance Do you need help
77%
Enjoy the hours that you are unconscious Good night
77%
My mind cannot comprehend the articulation you stated I don't understand
77%
Would you kindly alter your location so that your proximity to me is favorably close Come here
46%
Keep your existential form unscathed as you tread Stay safe
38%
No matching quizzes found
Score Distribution
Percent of People with Each Score
Percentile by Number Answered
Your Score History
You have not taken this quiz